000 00733nam a22001935i 4500
001 158036
003 ES-MaACL
005 20250907063120.0
008 990208s1891 ag |||| | spa d
040 _aCCPB | B
_bspa
_cCCPB | B
100 1 _aLópez de Gómara, Justo S.,
_d1859-1923
_973542
245 1 3 _aLa ciencia del bien y del mal
_b: revelaciones de lo sobrehumano, vulgarización de lo maravilloso. El hipnotismo y la sugestión al alcance de todos /
_cJusto S. López de Gomara.
260 _aBuenos Aires :
_bJose Escary,
_c1891.
300 _a209 p. ;
_c18 cm.
650 7 _aFilosofía
_2embne
_912802
650 0 4 _aHipnosis.
_913363
852 _aES-MaACL
_jG-8239
_z-- Enc. pasta
999 _c158036
_d158036